000 00740nam a22002057a 4500
999 _c177881
_d177881
005 20210309150635.0
010 _aENG-129177
020 _a978-81-237-9197-5
_c135.00
035 _aEN-112709
037 _bDBAD/PUB
082 _a616.2414
100 _aHarsheeta
245 _aAlienation and Resilience: understanding corona affected families/
_cHarsheeta and Meena Arora
260 _aNew Delhi
_bNational Book Trust
_c2020
270 _bNew Delhi
_e110070
_aNehru Bhawan, 5 Institutional Area, Phase-II, Vasant Kunj
300 _axxiv+82p.
_c21cm(pbk)
_bIncluding illustrations and bibliographical references.
500 _aillustration: Neetu Sharma
700 _aArora, Meena
942 _2ddc
_cEN
_h616.2414
_mHAR